Charango indígena y charango mestizo : dos universos en contraste y correspondencia /

Las ideas expuestas en el presente artículo forman parte de un trabajo de tesis para el programa de magister en musicología de la Universidad de Chile. En dicho trabajo planteo la hipótesis general acerca de la existencia de tres universos charanguísticos en Bolivia, el indígena, el cholo y el mesti...

Full description

Bibliographic Details
Main Author: Pedrotti Galaz , Italo
Format: Analitica de revista
Language:Spanish
Published: Santiago, Chile Universidad Academia de Humanismo Cristiano 2013
Subjects:
Online Access:Disponible en línea (PDF). Biblioteca Digital UAHC

MARC

LEADER 00000cab a2200000 a 4500
001 024513
003 UAHC_CL
005 20210909175929.0
008 110310b20109999cl 000 spa
952 |0 0  |1 0  |4 0  |6 AM_01_13_000000000000000  |7 0  |8 General  |9 49005  |a BC  |b BC  |c General  |d 2017-08-03  |l 0  |o AM-01/13  |p FICTICIO17004  |r 2019-01-08 00:00:00  |t 1  |w 2017-08-03  |y REVA 
999 |c 24513  |d 24513 
040 |a UAHC_CL  |c UAHC_CL  |d UAHC_CL 
100 1 |a Pedrotti Galaz , Italo 
245 1 0 |a Charango indígena y charango mestizo :  |b dos universos en contraste y correspondencia /  |c Italo Pedrotti. 
260 |b Universidad Academia de Humanismo Cristiano  |c 2013  |a Santiago, Chile 
300 |a p. 61-81 
310 |a Anual. 
362 0 |a Año 1, no. 1 (nov. 2002)- . 
362 0 |a Año 1, no. 1 (nov. 2002)- . 
500 |a En: AM. Revista de Pedagogía en Música. Año 1, vol. 1, 2013. pp. 61-81. ISSN: 0719-4390. 
520 |a Las ideas expuestas en el presente artículo forman parte de un trabajo de tesis para el programa de magister en musicología de la Universidad de Chile. En dicho trabajo planteo la hipótesis general acerca de la existencia de tres universos charanguísticos en Bolivia, el indígena, el cholo y el mestizo. También plateo una hipótesis específica en torno a la idea del origen cholominero del charango Kàlampeador, que a su vez convierte en el tema con mayor desarrollo dentro de este trabajo. 
650 4 |a CHARANGO 
650 4 |a CULTURA 
651 4 |a BOLIVIA 
653 |a PEDAGOGIA EN MUSICA 
773 0 |t Am : Revista de Pedagogía en Música  |w 024506 
856 |u http://bibliotecadigital.academia.cl/xmlui/handle/123456789/2899  |y Disponible en línea (PDF). Biblioteca Digital UAHC 
900 |a AM-01/13 
942 |c REVA  |2 ddc